[Event "La Roda op 50th"]
[Site "La Roda"]
[Date "2024.03.29"]
[Round "5"]
[White "Arroyo Rodriguez, Jesus"]
[Black "Ramiro Ovejero, Juan Luis"]
[Result "1/2-1/2"]
[WhiteElo "2027"]
[BlackElo "2316"]
[PlyCount "124"]
[EventDate "2024.03.27"]
[EventType "swiss"]
[EventRounds "9"]
[EventCountry "ESP"]
[SourceTitle "CB14_2024"]
[SourceDate "2024.04.01"]
[SourceVersion "1"]
[SourceVersionDate "2024.04.01"]
[SourceQuality "1"]

1. e4 e5 2. Nf3 Nc6 3. Nc3 Nf6 4. d4 exd4 5. Nxd4 Bb4 6. Nxc6 bxc6 7. Bd3 0-0 8. 0-0 d5 9. exd5 cxd5 10. h3 h6 11. Qf3 Be6 12. Bf4 Bd6 13. Rad1 Bxf4 14. Qxf4 c5 15. Rfe1 Qb8 16. Qxb8 Raxb8 17. b3 Rfd8 18. Rd2 c4 19. Bf1 d4 20. Red1 Rdc8 21. Ne2 d3 22. cxd3 cxb3 23. axb3 Bxb3 24. Ra1 Rc7 25. g3 Bd5 26. Bg2 Rcb7 27. Nc3 Bxg2 28. Kxg2 Rd8 29. Ra3 Rd4 30. Ne2 Rdd7 31. Rda2 g5 32. Ra4 Nd5 33. d4 Kg7 34. Rc4 Nb4 35. Ra3 Re7 36. Re3 Rxe3 37. fxe3 Nd5 38. Kf2 Re7 39. e4 Rxe4 40. Rc5 Nb4 41. Rc7 a6 42. Rb7 Nc2 43. d5 a5 44. g4 Rb4 45. Ra7 a4 46. Ng3 Kf6 47. d6 Rd4 48. Ke2 a3 49. Nf5 Rd5 50. Nxh6 Rxd6 51. Nxf7 Re6+ 52. Kd2 Re7 53. Ra6+ Kxf7 54. Kxc2 Re3 55. Ra5 Kf6 56. Ra6+ Ke5 57. Ra5+ Kd4 58. Rxg5 Kc4 59. Rg8 Rxh3 60. Rc8+ Kb4 61. Rb8+ Kc4 62. Rc8+ Kd5 1/2-1/2

[Event "La Roda op 50th"]
[Site "La Roda"]
[Date "2024.03.28"]
[Round "2"]
[White "Martinez Reyes, Pedro Ramon"]
[Black "Arroyo Rodriguez, Jesus"]
[Result "1-0"]
[WhiteElo "2332"]
[BlackElo "2027"]
[PlyCount "75"]
[EventDate "2024.03.27"]
[EventType "swiss"]
[EventRounds "9"]
[EventCountry "ESP"]
[SourceTitle "CB14_2024"]
[SourceDate "2024.04.01"]
[SourceVersion "1"]
[SourceVersionDate "2024.04.01"]
[SourceQuality "1"]

1. e4 c5 2. c3 Nf6 3. e5 Nd5 4. Bc4 Nb6 5. Bb3 c4 6. Bc2 Nc6 7. Nf3 Qc7 8. Qe2 e6 9. b3 cxb3 10. axb3 d6 11. d4 dxe5 12. dxe5 Bd7 13. 0-0 Rc8 14. Re1 h6 15. h4 a6 16. h5 Be7 17. Bd3 Nd5 18. Ra4 Na5 19. Rg4 Nxb3 20. Rxg7 Nxc1 21. Rxc1 Nf4 22. Qe4 Nxd3 23. Qxd3 Qc4 24. Qd2 Qe4 25. Rd1 Ba4 26. Re1 Qf5 27. Qb2 Rc7 28. Qb6 Rd7 29. Nd4 Qxh5 30. Nd2 Bg5 31. Ne4 Kf8 32. Nf6 Bxf6 33. exf6 Bb5 34. Rxe6 Qd1+ 35. Kh2 fxe6 36. Nxe6+ Ke8 37. Qd8+ Rxd8 38. Re7# 1-0

[Event "Santiago de Compostela Bicapawn GP B3"]
[Site "Santiago de Compostela"]
[Date "2022.10.20"]
[Round "4"]
[White "Arroyo Rodriguez, Jesus"]
[Black "Martinez Ramirez, Lennis"]
[Result "0-1"]
[WhiteElo "2086"]
[BlackElo "2431"]
[PlyCount "47"]
[EventDate "2022.10.20"]
[EventType "swiss (blitz)"]
[EventRounds "9"]
[EventCountry "ESP"]
[SourceTitle "CBM 210 Extra"]
[Source "ChessBase"]
[SourceDate "2022.11.30"]
[SourceVersion "1"]
[SourceVersionDate "2022.11.30"]
[SourceQuality "1"]

1. e4 c5 2. Nf3 Nc6 3. Nc3 g6 4. d4 cxd4 5. Nxd4 Bg7 6. Be3 d6 7. Qd2 Nf6 8. f3 h5 9. 0-0-0 Bd7 10. h3 Rc8 11. Kb1 a6 12. f4 Qc7 13. Be2 Na5 14. Rhf1 b5 15. e5 dxe5 16. fxe5 Qxe5 17. Bf4 Qc5 18. Bf3 Nc4 19. Qd3 Qb4 20. Nb3 0-0 21. g4 hxg4 22. hxg4 Bxg4 23. Bxg4 Nxb2 24. Kxb2 0-1

[Event "Gibraltar Masters 18th"]
[Site "Caleta"]
[Date "2020.01.28"]
[Round "8"]
[White "Wall, Tim"]
[Black "Arroyo Rodriguez, Jesus"]
[Result "1-0"]
[WhiteElo "2218"]
[BlackElo "2125"]
[PlyCount "61"]
[EventDate "2020.01.21"]
[EventType "swiss"]
[EventRounds "10"]
[EventCountry "GGB"]
[SourceTitle "CBM 194 Extra"]
[Source "ChessBase"]
[SourceDate "2020.03.31"]
[SourceVersion "1"]
[SourceVersionDate "2020.03.31"]
[SourceQuality "1"]

1. d4 Nf6 2. Nc3 d5 3. Bf4 c5 4. e3 Bf5 5. Nb5 Na6 6. c3 Qb6 7. a4 g6 8. h3 Bg7 9. Nf3 0-0 10. Be2 Rfc8 11. 0-0 Nb8 12. Bc7 Qe6 13. Bxb8 Raxb8 14. Nxa7 Rd8 15. dxc5 Ne4 16. Nd4 Qe5 17. c6 Bxh3 18. f4 Qf6 19. c7 e5 20. cxb8Q Rxb8 21. Nf3 exf4 22. gxh3 fxe3 23. Qe1 Qe6 24. Kg2 Bf8 25. Nb5 f5 26. Rd1 Rc8 27. Qh4 Kh8 28. Qf4 Bg7 29. Qxe3 h6 30. Bd3 g5 31. Nfd4 1-0

[Event "Gibraltar Masters 18th"]
[Site "Caleta"]
[Date "2020.01.22"]
[Round "2"]
[White "Barrish, Daniel"]
[Black "Arroyo Rodriguez, Jesus"]
[Result "1-0"]
[WhiteElo "2352"]
[BlackElo "2125"]
[PlyCount "69"]
[EventDate "2020.01.21"]
[EventType "swiss"]
[EventRounds "10"]
[EventCountry "GGB"]
[SourceTitle "CBM 194 Extra"]
[Source "ChessBase"]
[SourceDate "2020.03.31"]
[SourceVersion "1"]
[SourceVersionDate "2020.03.31"]
[SourceQuality "1"]

1. d4 Nf6 2. c4 c5 3. d5 b5 4. cxb5 a6 5. e3 axb5 6. Bxb5 Qa5+ 7. Nc3 g6 8. Bd2 Bg7 9. a4 0-0 10. Nf3 d6 11. e4 Ba6 12. 0-0 Nbd7 13. Re1 Qc7 14. Qc2 Ng4 15. h3 Nge5 16. Nxe5 Nxe5 17. f4 Nd7 18. Bc6 Rab8 19. Nb5 Bxb5 20. axb5 Bd4+ 21. Kh1 e6 22. Ra6 exd5 23. exd5 Rfe8 24. Rxe8+ Rxe8 25. Ba5 Qc8 26. Ra7 Nb8 27. Bxe8 Qxe8 28. Qd3 Bf2 29. Qf1 Bg3 30. Ra8 Qc8 31. Qf3 Bh4 32. Qg4 Qb7 33. Rxb8+ Qxb8 34. Qxh4 Qxb5 35. Qd8+ 1-0

[Event "ESP-ch 84th"]
[Site "Marbella"]
[Date "2019.11.18"]
[Round "3"]
[White "Ibarra Jerez, Jose Carlos"]
[Black "Arroyo Rodriguez, Jesus"]
[Result "1-0"]
[WhiteElo "2540"]
[BlackElo "2112"]
[PlyCount "65"]
[EventDate "2019.11.16"]
[EventType "swiss"]
[EventRounds "9"]
[EventCountry "ESP"]
[SourceTitle "CBM 193 Extra"]
[Source "ChessBase"]
[SourceDate "2020.01.31"]
[SourceVersion "1"]
[SourceVersionDate "2020.01.31"]
[SourceQuality "1"]

1. e4 c6 2. d4 d5 3. e5 Bf5 4. Be3 Qb6 5. Qc1 e6 6. Nd2 c5 7. Nb3 c4 8. Nd2 Nc6 9. c3 f6 10. Ngf3 Rc8 11. Be2 Nge7 12. exf6 gxf6 13. Nh4 Bg6 14. 0-0 Nf5 15. Nxf5 Bxf5 16. Bh5+ Bg6 17. Bg4 Kf7 18. Nxc4 Qc7 19. Bf4 Qd8 20. Re1 Be4 21. Nd2 h5 22. Bh3 f5 23. f3 Bd3 24. Nb3 Qf6 25. Qe3 Bb5 26. a4 Ba6 27. Bg5 Qg6 28. f4 h4 29. Nd2 Bd6 30. b4 Bc4 31. Nxc4 dxc4 32. d5 exd5 33. Qf3 1-0

[Event "ESP-ch 84th"]
[Site "Marbella"]
[Date "2019.11.17"]
[Round "2"]
[White "Arroyo Rodriguez, Jesus"]
[Black "Gomez Dieguez, David"]
[Result "1-0"]
[WhiteElo "2112"]
[BlackElo "2336"]
[PlyCount "89"]
[EventDate "2019.11.16"]
[EventType "swiss"]
[EventRounds "9"]
[EventCountry "ESP"]
[SourceTitle "CBM 193 Extra"]
[Source "ChessBase"]
[SourceDate "2020.01.31"]
[SourceVersion "1"]
[SourceVersionDate "2020.01.31"]
[SourceQuality "1"]

1. e4 e5 2. Bc4 Nf6 3. d3 Nc6 4. Nc3 Na5 5. Qf3 Nxc4 6. dxc4 c6 7. Nge2 Be7 8. Ng3 d6 9. Nf5 Bxf5 10. Qxf5 Qb6 11. b3 Nd7 12. 0-0 Nf8 13. Be3 Qa5 14. Ne2 Ne6 15. a4 0-0 16. Rad1 Qc7 17. Rd3 g6 18. Qg4 Ng7 19. Bh6 f5 20. exf5 Rxf5 21. Ng3 Rf7 22. Bxg7 Kxg7 23. Ne4 Rf4 24. Qe2 Rd8 25. Rfd1 Rd7 26. Nc5 Kf7 27. Nxd7 Qxd7 28. Qxe5 Rf5 29. Qe2 Bf8 30. Rf3 Kg7 31. Re1 Re5 32. Re3 Rxe3 33. Qxe3 Qf5 34. Qd3 Qg5 35. g3 Qf6 36. Kg2 Kg8 37. Qf3 Qd8 38. h4 Bg7 39. Qg4 c5 40. Qe6+ Kf8 41. Re3 Bf6 42. Rd3 Kg7 43. Rxd6 Qf8 44. Rd7+ Kh6 45. Rf7 1-0

[Event "Iberoamerican-ch 7th"]
[Site "Linares"]
[Date "2019.08.10"]
[Round "1"]
[White "Zambrana, Oswaldo"]
[Black "Arroyo Rodriguez, Jesus"]
[Result "1-0"]
[WhiteElo "2440"]
[BlackElo "2126"]
[PlyCount "61"]
[EventDate "2019.08.10"]
[EventType "swiss"]
[EventRounds "9"]
[EventCountry "ESP"]
[SourceTitle "CBM 191 Extra"]
[Source "ChessBase"]
[SourceDate "2019.09.30"]
[SourceVersion "1"]
[SourceVersionDate "2019.09.30"]
[SourceQuality "1"]

1. e4 c5 2. Nf3 g6 3. d4 cxd4 4. Nxd4 Bg7 5. Nc3 Nc6 6. Be3 Nf6 7. Bc4 Qa5 8. 0-0 0-0 9. Nb3 Qc7 10. Bg5 e6 11. Be2 a6 12. Qd2 b5 13. a3 d6 14. Rad1 Rd8 15. Qf4 Ne8 16. Qh4 f6 17. Bh6 Ne5 18. f4 Nc4 19. Bxg7 Kxg7 20. Bxc4 bxc4 21. Nd4 Rb8 22. f5 g5 23. Qh3 exf5 24. exf5 Rxb2 25. Rfe1 Qf7 26. Re2 Nc7 27. Rde1 Re8 28. Rxe8 Nxe8 29. Nc6 Kh8 30. Re7 Qg8 31. Nd8 1-0

[Event "ESP-ch 83rd"]
[Site "Linares"]
[Date "2018.08.24"]
[Round "5"]
[White "Castellanos Gomez, Alejandro"]
[Black "Arroyo Rodriguez, Jesus"]
[Result "1/2-1/2"]
[WhiteElo "2320"]
[BlackElo "2099"]
[PlyCount "127"]
[EventDate "2018.08.20"]
[EventType "swiss"]
[EventRounds "9"]
[EventCountry "ESP"]
[SourceTitle "CBM 186 Extra"]
[Source "ChessBase"]
[SourceDate "2018.08.24"]
[SourceVersion "1"]
[SourceVersionDate "2018.08.24"]
[SourceQuality "1"]

1. d4 d5 2. Bf4 c5 3. e3 Nc6 4. c3 Qb6 5. Qb3 c4 6. Qc2 Bf5 7. Qc1 f6 8. Nf3 g5 9. Bg3 h5 10. h3 e6 11. Nbd2 Bg6 12. Be2 Nh6 13. Bd1 Nf5 14. Bc2 Kf7 15. Qb1 Rh6 16. Bh2 g4 17. Ng1 g3 18. Bxg3 Nxg3 19. fxg3 Bd6 20. Ne2 Bxc2 21. Qxc2 Rg8 22. 0-0-0 Bxg3 23. Rdf1 Qc7 24. e4 Ne7 25. Rf3 Bh4 26. Rg1 Rhg6 27. Nf4 Rh6 28. Kb1 Bg5 29. Ne2 Rhg6 30. Nf1 dxe4 31. Qxe4 Nd5 32. Neg3 h4 33. Ne2 Qc6 34. g3 f5 35. Rf2 Bf6 36. Qf3 hxg3 37. Rxg3 Bh4 38. Rxg6 Rxg6 39. Rh2 Nb4 40. Qxc6 Nxc6 41. Ne3 b5 42. d5 exd5 43. Nxf5 Bd8 44. Ne3 Rg5 45. Rf2+ Ke8 46. Ng4 Bb6 47. Rf4 Ke7 48. h4 Rg7 49. Nf6 Ke6 50. Nh5 Rf7 51. Rg4 Ne5 52. Nef4+ Kd6 53. Rg3 Rf5 54. Kc2 Bf2 55. Rg5 Rf7 56. Ng6 Nd3 57. Nh8 Re7 58. Rg6+ Kc7 59. Nf6 Re2+ 60. Kb1 Re1+ 61. Kc2 Re2+ 62. Kb1 Re1+ 63. Kc2 Re2+ 64. Kb1 1/2-1/2

[Event "ESP-ch rapid"]
[Site "Linares"]
[Date "2018.08.19"]
[Round "4"]
[White "Sanchez Jimenez, Juan Carlos"]
[Black "Arroyo Rodriguez, Jesus"]
[Result "0-1"]
[WhiteElo "2228"]
[BlackElo "2099"]
[PlyCount "50"]
[EventDate "2018.08.19"]
[EventType "swiss (rapid)"]
[EventRounds "9"]
[EventCountry "ESP"]
[SourceTitle "CBM 186 Extra"]
[Source "ChessBase"]
[SourceDate "2018.08.24"]
[SourceVersion "1"]
[SourceVersionDate "2018.08.24"]
[SourceQuality "1"]

1. d4 Nf6 2. c4 c5 3. d5 b5 4. cxb5 a6 5. b6 g6 6. Nc3 Bg7 7. Nf3 0-0 8. e4 e6 9. Qb3 Bb7 10. Bc4 exd5 11. exd5 Re8+ 12. Kf1 d6 13. Bf4 Nh5 14. Be3 Nd7 15. Na4 Qf6 16. h3 Ne5 17. Nxe5 Rxe5 18. Kg1 Rae8 19. Bd2 Nf4 20. Bc3 Qg5 21. g3 Ne2+ 22. Kg2 Re3 23. Bxe2 Bxd5+ 24. Kf1 Bxb3 25. fxe3 Bxa4 0-1

[Event "La Roda op 45th"]
[Site "La Roda"]
[Date "2018.03.29"]
[Round "3"]
[White "Korneev, Oleg"]
[Black "Arroyo Rodriguez, Jesus"]
[Result "1-0"]
[WhiteElo "2557"]
[BlackElo "2052"]
[PlyCount "49"]
[EventDate "2018.03.28"]
[EventType "swiss"]
[EventRounds "9"]
[EventCountry "ESP"]
[SourceTitle "CBM 183 Extra"]
[Source "ChessBase"]
[SourceDate "2018.04.19"]
[SourceVersion "1"]
[SourceVersionDate "2018.04.19"]
[SourceQuality "1"]

1. e4 c5 2. Nf3 g6 3. c3 d5 4. exd5 Qxd5 5. d4 Bg7 6. Na3 cxd4 7. Bc4 Qe4+ 8. Be3 Nf6 9. Nb5 0-0 10. cxd4 Nc6 11. Nc3 Qg4 12. h3 Qh5 13. Qd2 e5 14. Be2 exd4 15. Nxd4 Bg4 16. 0-0-0 Bxe2 17. Qxe2 Qa5 18. g4 Rac8 19. Kb1 Ne5 20. Nb3 Qc7 21. Nd5 Qc4 22. Qxc4 Rxc4 23. f4 Nc6 24. Nd2 Ra4 25. b3 1-0

[Event "Gibraltar Masters 16th"]
[Site "Caleta"]
[Date "2018.01.28"]
[Round "6"]
[White "Lercel, Michal"]
[Black "Arroyo Rodriguez, Jesus"]
[Result "1-0"]
[WhiteElo "2252"]
[BlackElo "2057"]
[PlyCount "111"]
[EventDate "2018.01.23"]
[EventType "swiss"]
[EventRounds "10"]
[EventCountry "GGB"]
[SourceTitle "CBM 183"]
[Source "ChessBase"]
[SourceDate "2018.03.14"]
[SourceVersion "1"]
[SourceVersionDate "2018.03.14"]
[SourceQuality "1"]

1. Nf3 Nf6 2. c4 g6 3. b4 Bg7 4. Bb2 0-0 5. g3 c6 6. Bg2 d6 7. 0-0 Qb6 8. Qb3 a5 9. b5 a4 10. Qb4 Nbd7 11. d3 cxb5 12. Qxb5 Qxb5 13. cxb5 Nc5 14. Na3 Bd7 15. Rab1 Be6 16. Ra1 Bd7 17. Nd2 Rab8 18. Ndc4 b6 19. Rfc1 Rfc8 20. Rc2 Ne8 21. Bxg7 Kxg7 22. d4 Ne6 23. e3 N8c7 24. Rb1 f6 25. Bc6 Bxc6 26. bxc6 b5 27. Rcb2 Nd8 28. Nxb5 Rxb5 29. Rxb5 Nxb5 30. Rxb5 Nxc6 31. Rb7 Kf8 32. Nb6 Na5 33. Nxc8 Nxb7 34. Nb6 a3 35. Nc4 Ke8 36. Nxa3 Kd7 37. Kf1 Kc6 38. Ke2 d5 39. Nb1 Kb5 40. Kd3 Nd6 41. Nc3+ Kc6 42. e4 dxe4+ 43. Nxe4 Nb5 44. a4 Nc7 45. Kc4 h5 46. h4 Kb6 47. Nc3 Kc6 48. a5 g5 49. d5+ Kb7 50. Ne4 gxh4 51. gxh4 Ka6 52. Ng3 Nb5 53. Nf5 Kxa5 54. Kc5 Nc3 55. Nxe7 Ka6 56. Kc6 1-0

[Event "Seville op 43rd"]
[Site "Seville"]
[Date "2018.01.13"]
[Round "2"]
[White "Vasquez Schroder, Rodrigo Rafael"]
[Black "Arroyo Rodriguez, Jesus"]
[Result "1-0"]
[WhiteElo "2554"]
[BlackElo "2057"]
[PlyCount "74"]
[EventDate "2018.01.12"]
[EventType "swiss"]
[EventRounds "9"]
[EventCountry "ESP"]
[SourceTitle "CBM 182 Extra"]
[Source "ChessBase"]
[SourceDate "2018.02.23"]
[SourceVersion "1"]
[SourceVersionDate "2018.02.23"]
[SourceQuality "1"]

1. e4 c5 2. Nf3 Nf6 3. Nc3 d5 4. exd5 Nxd5 5. Bb5+ Bd7 6. Ne5 Bxb5 7. Qf3 f6 8. Nxb5 Na6 9. Nc4 Qd7 10. 0-0 0-0-0 11. a4 Kb8 12. d3 g5 13. Bd2 h5 14. Rfe1 Nab4 15. Bxb4 cxb4 16. Nd4 e5 17. Nb3 g4 18. Qe4 h4 19. d4 Qc7 20. Ncd2 g3 21. dxe5 gxf2+ 22. Kxf2 fxe5 23. Kg1 Rg8 24. Kh1 Nf4 25. Rg1 Rg4 26. Qf3 Qg7 27. Ne4 Be7 28. Rad1 Rxd1 29. Rxd1 Rxg2 30. Nec5 Bxc5 31. Nxc5 Kc8 32. Nxb7 Rxc2 33. Nd6+ Kb8 34. Rg1 Qh7 35. Rg8+ Kc7 36. Qb7+ Kxd6 37. Qxh7 Kd5 1-0

[Event "Andalucia-chA"]
[Site "Roquetas de Mar"]
[Date "2017.05.21"]
[Round "7"]
[White "Arroyo Rodriguez, Jesus"]
[Black "Merelo Garcia, Francisco"]
[Result "0-1"]
[WhiteElo "2049"]
[BlackElo "1863"]
[PlyCount "64"]
[EventDate "2017.05.13"]
[EventType "swiss"]
[EventRounds "8"]
[EventCountry "ESP"]
[SourceTitle "EXT 2020"]
[Source "ChessBase"]
[SourceDate "2019.10.17"]
[SourceVersion "1"]
[SourceVersionDate "2019.10.17"]
[SourceQuality "1"]

1. e4 d6 2. d4 Nf6 3. Nc3 g6 4. Bg5 Bg7 5. e5 Nfd7 6. exd6 cxd6 7. Qd2 h6 8. Be3 Nf6 9. 0-0-0 a6 10. h4 h5 11. Be2 Nc6 12. Nh3 b5 13. Bf3 Bd7 14. Nd5 Rc8 15. Nxf6+ Bxf6 16. Nf4 Bf5 17. Nd5 Bg7 18. b3 Nxd4 19. Bxd4 Bxd4 20. c4 e5 21. Rhe1 0-0 22. Qh6 bxc4 23. b4 Bxf2 24. g3 Bxg3 25. Rg1 Bf4+ 26. Nxf4 exf4 27. Qxf4 Qf6 28. Rd4 Rfe8 29. Bxh5 Re4 30. Rxe4 Qa1+ 31. Kd2 c3+ 32. Ke2 Qxg1 0-1

[Event "Andalucia-chA"]
[Site "Roquetas de Mar"]
[Date "2017.05.20"]
[Round "6"]
[White "Arroyo Rodriguez, Jesus"]
[Black "Orantes Taboada, Manuel"]
[Result "1-0"]
[WhiteElo "2049"]
[BlackElo "2020"]
[PlyCount "75"]
[EventDate "2017.05.13"]
[EventType "swiss"]
[EventRounds "8"]
[EventCountry "ESP"]
[SourceTitle "EXT 2020"]
[Source "ChessBase"]
[SourceDate "2019.10.17"]
[SourceVersion "1"]
[SourceVersionDate "2019.10.17"]
[SourceQuality "1"]

1. e4 c5 2. c3 Nf6 3. e5 Nd5 4. d4 cxd4 5. Nf3 e6 6. cxd4 Nc6 7. a3 d6 8. b4 dxe5 9. dxe5 Qc7 10. Bb2 Bd7 11. Nbd2 Rd8 12. Rc1 Qb8 13. g3 b5 14. Qe2 a6 15. Qe4 a5 16. bxa5 Nxa5 17. Bd3 b4 18. a4 Be7 19. 0-0 g6 20. h4 h5 21. Nd4 Nb7 22. Bb5 Nc5 23. Qf3 Bxb5 24. axb5 Qxe5 25. Nc4 Qf6 26. Qxf6 Bxf6 27. Nc6 Bxb2 28. Nxb2 Nb3 29. Rcd1 Ra8 30. Nc4 0-0 31. Rb1 Nc5 32. Kg2 b3 33. Rfc1 Ra2 34. b6 Ne4 35. b7 Nxf2 36. Rb2 Nb4 37. Nxb4 Ra4 38. Rxb3 1-0

[Event "Andalucia-chA"]
[Site "Roquetas de Mar"]
[Date "2017.05.20"]
[Round "5"]
[White "Crespo Ruiz, Manuel"]
[Black "Arroyo Rodriguez, Jesus"]
[Result "0-1"]
[WhiteElo "1934"]
[BlackElo "2049"]
[PlyCount "58"]
[EventDate "2017.05.13"]
[EventType "swiss"]
[EventRounds "8"]
[EventCountry "ESP"]
[SourceTitle "EXT 2020"]
[Source "ChessBase"]
[SourceDate "2019.10.17"]
[SourceVersion "1"]
[SourceVersionDate "2019.10.17"]
[SourceQuality "1"]

1. d4 Nf6 2. Nf3 g6 3. Bg5 Bg7 4. Nbd2 h6 5. Bh4 e6 6. c3 g5 7. Bg3 Nh5 8. e4 d6 9. Ng1 Nxg3 10. hxg3 a6 11. Bd3 Nd7 12. Qe2 Qe7 13. f4 c5 14. e5 d5 15. c4 cxd4 16. cxd5 exd5 17. Ngf3 Nc5 18. Nxd4 Nxd3+ 19. Qxd3 f6 20. 0-0-0 0-0 21. N2f3 fxe5 22. Nxe5 gxf4 23. Ng6 Qc5+ 24. Nc2 Bf5 25. Qxd5+ Qxd5 26. Ne7+ Kf7 27. Nxd5 Rac8 28. Nc3 Bxc3 29. bxc3 Rxc3 0-1

[Event "Andalucia-chA"]
[Site "Roquetas de Mar"]
[Date "2017.05.19"]
[Round "4"]
[White "Moreno Lopez, Avelino"]
[Black "Arroyo Rodriguez, Jesus"]
[Result "0-1"]
[WhiteElo "1796"]
[BlackElo "2049"]
[PlyCount "62"]
[EventDate "2017.05.13"]
[EventType "swiss"]
[EventRounds "8"]
[EventCountry "ESP"]
[SourceTitle "EXT 2020"]
[Source "ChessBase"]
[SourceDate "2019.10.17"]
[SourceVersion "1"]
[SourceVersionDate "2019.10.17"]
[SourceQuality "1"]

1. f4 c5 2. Nf3 d5 3. g3 Nc6 4. Bg2 h5 5. d4 Nf6 6. e3 Bf5 7. c3 e6 8. Qa4 Qd7 9. Nbd2 Rc8 10. 0-0 Be7 11. dxc5 Bxc5 12. Nb3 Bb6 13. Nbd4 Be4 14. Bh3 Ng4 15. Ng5 Bg6 16. Qd1 Bxd4 17. exd4 Bf5 18. Qe2 Ne7 19. Nf3 f6 20. Nh4 Be4 21. Bxg4 hxg4 22. Qxg4 Nf5 23. Nxf5 exf5 24. Qe2 Rh3 25. Bd2 Kf7 26. Rf2 Rch8 27. c4 Rxg3+ 28. Kf1 Bd3 29. hxg3 dxc4 30. Bc3 Qd5 31. Qxd3 Rh1+ 0-1

[Event "ESP-ch 81st"]
[Site "Linares"]
[Date "2016.08.08"]
[Round "4"]
[White "Henderson de la Fuente, Lance"]
[Black "Arroyo Rodriguez, Jesus"]
[Result "1-0"]
[WhiteElo "2306"]
[BlackElo "2085"]
[PlyCount "39"]
[EventDate "2016.08.05"]
[EventType "swiss"]
[EventRounds "9"]
[EventCountry "ESP"]
[SourceTitle "CBM 173 Extra"]
[Source "ChessBase"]
[SourceDate "2016.08.29"]
[SourceVersion "1"]
[SourceVersionDate "2016.08.29"]
[SourceQuality "1"]

1. e4 c5 2. Nf3 e6 3. g3 Nf6 4. Nc3 d5 5. exd5 exd5 6. d4 Nc6 7. Bg2 Bg4 8. 0-0 Bxf3 9. Bxf3 Nxd4 10. Bg5 Be7 11. Bxf6 Bxf6 12. Nxd5 0-0 13. c3 Nc6 14. Qb3 Rb8 15. Rad1 Ne5 16. Be4 Re8 17. Rfe1 b6 18. Qa4 a5 19. Qb5 g6 20. Qxe8+ 1-0

[Event "ESP-ch 81st"]
[Site "Linares"]
[Date "2016.08.06"]
[Round "2"]
[White "Martinez Lopez, David"]
[Black "Arroyo Rodriguez, Jesus"]
[Result "1-0"]
[WhiteElo "2334"]
[BlackElo "2085"]
[PlyCount "42"]
[EventDate "2016.08.05"]
[EventType "swiss"]
[EventRounds "9"]
[EventCountry "ESP"]
[SourceTitle "CBM 173 Extra"]
[Source "ChessBase"]
[SourceDate "2016.08.29"]
[SourceVersion "1"]
[SourceVersionDate "2016.08.29"]
[SourceQuality "1"]

1. d4 Nf6 2. c4 e6 3. Nc3 Bb4 4. f3 c5 5. d5 b5 6. e4 bxc4 7. Bxc4 Ba6 8. Bxa6 Nxa6 9. dxe6 fxe6 10. Bf4 c4 11. Nh3 0-0 12. 0-0 d5 13. exd5 exd5 14. Be5 Bc5+ 15. Kh1 d4 16. Bxf6 Rxf6 17. Ne4 Rh6 18. Rc1 c3 19. bxc3 d3 20. Qd2 Qd5 21. Qxh6 Nb8 1-0

[Event "Granada Nazari IM 2nd"]
[Site "Granada"]
[Date "2015.03.27"]
[Round "3"]
[White "Arroyo Rodriguez, Jesus"]
[Black "Kollars, Dmitrij"]
[Result "0-1"]
[WhiteElo "2046"]
[BlackElo "2424"]
[PlyCount "94"]
[EventDate "2015.03.26"]
[EventType "tourn"]
[EventRounds "9"]
[EventCountry "ESP"]
[EventCategory "2"]
[SourceTitle "CBM 165 Extra"]
[Source "ChessBase"]
[SourceDate "2015.04.21"]
[SourceVersion "1"]
[SourceVersionDate "2015.04.21"]
[SourceQuality "1"]

1. e4 c5 2. Nf3 Nf6 3. e5 Nd5 4. d4 cxd4 5. Qxd4 e6 6. g3 Nc6 7. Qe4 f5 8. Qe2 Qc7 9. Bg2 Bc5 10. c4 Nde7 11. 0-0 Ng6 12. Re1 0-0 13. Bf4 Nxf4 14. gxf4 d6 15. Nc3 dxe5 16. Nb5 Qe7 17. fxe5 a6 18. Nc3 g5 19. a3 g4 20. Nd2 Nd4 21. Qd1 Qh4 22. Rf1 Ba7 23. b4 f4 24. c5 f3 25. Bh1 Bb8 26. Nc4 Nc6 27. Nd6 Nxe5 28. Qd4 Ng6 29. Rfe1 Rf5 30. Re4 Rh5 31. Rxg4 Qxh2+ 32. Kf1 Qxh1+ 33. Rg1 Qh3+ 34. Ke1 Bxd6 35. Qxd6 Qh4 36. Rd1 Kf7 37. Rd4 Qe7 38. Qb6 a5 39. Ne4 axb4 40. Nd6+ Kg8 41. Qxb4 Rg5 42. Rh1 e5 43. Rd3 e4 44. Re3 Qe5 45. Kd2 Qd5+ 46. Ke1 Nf4 47. Nxc8 Ng2+ 0-1

[Event "Granada Nazari IM 2nd"]
[Site "Granada"]
[Date "2015.03.27"]
[Round "2"]
[White "Fernandez de Bobadilla, Gabriel"]
[Black "Arroyo Rodriguez, Jesus"]
[Result "1-0"]
[WhiteElo "2167"]
[BlackElo "2046"]
[PlyCount "81"]
[EventDate "2015.03.26"]
[EventType "tourn"]
[EventRounds "9"]
[EventCountry "ESP"]
[EventCategory "2"]
[SourceTitle "CBM 165 Extra"]
[Source "ChessBase"]
[SourceDate "2015.04.21"]
[SourceVersion "1"]
[SourceVersionDate "2015.04.21"]
[SourceQuality "1"]

1. d4 Nf6 2. c4 d6 3. Nf3 g6 4. Nc3 Bf5 5. g3 Ne4 6. Qb3 Nxc3 7. Qxc3 Bg7 8. Bg2 Be4 9. Qe3 d5 10. 0-0 Nc6 11. Rd1 Nb4 12. Ne1 Bxg2 13. Kxg2 dxc4 14. Qf3 c6 15. Bd2 a5 16. a3 Nd5 17. e4 Nf6 18. Rac1 b5 19. Bg5 Qb6 20. b3 cxb3 21. Bxf6 exf6 22. e5 fxe5 23. Rxc6 Qb8 24. dxe5 a4 25. Nd3 0-0 26. Qe4 Rd8 27. Rdc1 Rxd3 28. Qxd3 Bxe5 29. Qd7 Ra7 30. Rc8+ Kg7 31. Qe8 Qb7+ 32. f3 Qd5 33. Qf8+ Kf6 34. R8c6+ Kf5 35. g4+ Kf4 36. Qh6+ g5 37. Rf6+ Bxf6 38. Qxf6+ Ke3 39. Qc3+ Kf4 40. Re1 f5 41. Qe3# 1-0